Die Wehrmacht und die Besatzungspolitik in den besetzten Gebieten der Sowjetunion : (Titelsatznr. 19478)
[ MARC ]
| 000 -Satzkennung | |
|---|---|
| Kontrollfeld mit fester Länge | 00711nam a22002051c 4500 |
| 001 - Kontrollnummer | |
| Kontrollfeld | 461918927 |
| 008 - Feld mit fester Länge zur physischen Beschreibung - Allgemeine Angaben | |
| Kontrollfeld mit fester Länge | 060418s2005 gw a||| 000u ger d |
| 020 ## - Internationale Standardbuchnummer | |
| Internationale Standardbuchnummer | 3428113020 |
| Verknüpfung | 3-428-11302-0 |
| 041 ## - Sprachcode | |
| Sprachcode des Textes/der Tonspur oder des separaten Titels | ger |
| 040 ## - Katalogisierungsquelle | |
| Übertragungsstelle | RU-10907106 |
| 003 - Kontrollnummer Identifier | |
| Kontrollfeld | RU-10907106 |
| 100 1# - Haupteintragung - Personenname | |
| Personenname | Arnold, Klaus Jochen |
| 245 04 - Titel | |
| Titel | Die Wehrmacht und die Besatzungspolitik in den besetzten Gebieten der Sowjetunion : |
| Zusatz zum Titel | Kriegführung und Radikalisierung im "Unternehmen Barbarossa" / |
| Verfasserangabe etc. | von Klaus Jochen Arnold |
| 264 ## - Produktion, Veröffentlichung, Distribution, Herstellung und Urheberrechtsvermerk | |
| Herstellungs-, Veröffentlichungs- Vertriebs-, Erzeugungsort | Berlin : |
| Produzent, Herausgeber, Distributor, Hersteller | Duncker & Humblot, |
| Datum der Herstellung, der Veröffentlichung, des Vertriebs oder des Urheberschutzvermerks | 2005 |
| 300 ## - Physische Beschreibung | |
| Umfang | 579 S. : Ill., Kt |
| 490 #0 - Gesamttitelangabe | |
| Gesamttitelangabe | Zeitgeschichtliche Forschungen |
| Bandnummer/Folgebezeichnung | 23 |
| 502 ## - Dissertationsvermerk | |
| Dissertationsvermerk | Zugl.: Münster, Univ., Diss., 2002 |
| 655 #0 - Indexierungsterm - Genre/Form | |
| Genre/Form oder fokussierter Term | Hochschulschrift |
| 942 ## - Zusätzliche Felder (Koha) | |
| Koha-Medientyp | Monographien |
| Ausgeschieden | Verloren | Klassifikation oder Aufstellungssystematik | Beschädigt | Nicht entleihbar | Heimatbibliothek | Aufenthaltsbibliothek | Aufstellungsort | Erwerbungsdatum | Inventarnummer | Signatur | Barcode | Letzte Aktivität | Preis gültig von | Koha-Medientyp |
|---|---|---|---|---|---|---|---|---|---|---|---|---|---|---|
| Andere/Generische Klassifikation | MWN Osteuropa | MWN Osteuropa | Lesesaal - 1 | 18/04/2006 | 06-00204 | D 52 rg Arn | E00401509F988EC4 | 22/02/2021 | 22/03/2021 | Monographien |